<?xml version="1.0" encoding="UTF-8"?>
<collection xmlns="http://www.loc.gov/MARC21/slim">
 <record>
  <leader>01310nma a2200241 a 4500</leader>
  <controlfield tag="001">1/24053</controlfield>
  <controlfield tag="008">041203t2002    fr     g   ia       ita  </controlfield>
  <datafield tag="020" ind1=" " ind2=" ">
   <subfield code="a">274900425X</subfield>
  </datafield>
  <datafield tag="035" ind1=" " ind2=" ">
   <subfield code="l">25786</subfield>
  </datafield>
  <datafield tag="040" ind1=" " ind2=" ">
   <subfield code="a">GR-PeUP</subfield>
  </datafield>
  <datafield tag="082" ind1="0" ind2="0">
   <subfield code="a">CD-ROM 458.3421 TEL</subfield>
  </datafield>
  <datafield tag="245" ind1="0" ind2="0">
   <subfield code="a">Tell me more:</subfield>
   <subfield code="b">Ιταλικά</subfield>
  </datafield>
  <datafield tag="260" ind1="0" ind2=" ">
   <subfield code="a">Montigny-le-Bretonneux :</subfield>
   <subfield code="b">Auralog,</subfield>
   <subfield code="c">2002</subfield>
  </datafield>
  <datafield tag="300" ind1=" " ind2=" ">
   <subfield code="a">3 CD-ROM + ακουστικά, μικρόφωνα +</subfield>
   <subfield code="e">1 εγχειρίδιο χρήστη</subfield>
  </datafield>
  <datafield tag="500" ind1=" " ind2=" ">
   <subfield code="a">1. Αρχάριοι -- 2. Μεσαίο -- 3. Προχωρημένοι</subfield>
  </datafield>
  <datafield tag="538" ind1=" " ind2=" ">
   <subfield code="a">Απαιτήσεις συστήματος: Windows 95, 98 NT4, Millenium 2000 ή XP. 64 MB RAM,70 MB, κάρτα γραφικών 65536 χρωμάτων (16 bit), κάρτα ήχου 16-bit</subfield>
  </datafield>
  <datafield tag="650" ind1=" " ind2="4">
   <subfield code="a">CD-ROMs.</subfield>
  </datafield>
  <datafield tag="650" ind1=" " ind2="4">
   <subfield code="a">Italian language</subfield>
   <subfield code="x">Study and teaching</subfield>
   <subfield code="v">Interactive multimedia.</subfield>
  </datafield>
  <datafield tag="650" ind1=" " ind2="4">
   <subfield code="a">Ιταλικά</subfield>
   <subfield code="x">Σπουδή και διδασκαλία</subfield>
   <subfield code="v">Πολυμέσα.</subfield>
  </datafield>
  <datafield tag="650" ind1=" " ind2="4">
   <subfield code="a">Italian language</subfield>
   <subfield code="x">Self-instruction.</subfield>
  </datafield>
  <datafield tag="852" ind1=" " ind2=" ">
   <subfield code="a">INST</subfield>
   <subfield code="b">UNIPILB</subfield>
   <subfield code="c">MMEDIA</subfield>
   <subfield code="e">20041203</subfield>
   <subfield code="h">CD-ROM  458.3421 TEL</subfield>
   <subfield code="p">00145542</subfield>
   <subfield code="q">00145542</subfield>
   <subfield code="t">NOLOAN</subfield>
   <subfield code="y">23</subfield>
   <subfield code="4">1</subfield>
  </datafield>
  <datafield tag="852" ind1=" " ind2=" ">
   <subfield code="a">INST</subfield>
   <subfield code="b">UNIPILB</subfield>
   <subfield code="c">MMEDIA</subfield>
   <subfield code="e">20041203</subfield>
   <subfield code="h">CD-ROM  458.3421 TEL</subfield>
   <subfield code="p">00145543</subfield>
   <subfield code="q">00145543</subfield>
   <subfield code="t">NOLOAN</subfield>
   <subfield code="y">23</subfield>
   <subfield code="4">1</subfield>
  </datafield>
  <datafield tag="852" ind1=" " ind2=" ">
   <subfield code="a">INST</subfield>
   <subfield code="b">UNIPILB</subfield>
   <subfield code="c">MMEDIA</subfield>
   <subfield code="e">20041203</subfield>
   <subfield code="h">CD-ROM  458.3421 TEL</subfield>
   <subfield code="p">00145545</subfield>
   <subfield code="q">00145545</subfield>
   <subfield code="t">NOLOAN</subfield>
   <subfield code="y">23</subfield>
   <subfield code="4">1</subfield>
  </datafield>
 </record>
</collection>
